000 00404nam a2200169Ia 4500
008 221030s9999 xx 000 0 und d
020 _a8126127171
041 _aEnglish
082 _a105.23
_bBha
100 _aV. K.. Bhalla
245 0 _aFinancial Management & Policy - Text & Cases
250 _a5th
260 _bAnmol Pub
_aNew Delhi
_c2006
300 _a1177
650 _aManagement
942 _cBK
999 _c391
_d391